000 00281nam a2200109Ia 4500
008 190216s9999||||xx |||||||||||||| ||und||
100 _aMaheswari S N
245 0 _aPrinciples Of Management Accounting
260 _bPrentice Hall Of India Pvt Ltd
_c1982
300 _a378p
942 _cBK
999 _c5233
_d5233